Onze Vader (Pater Noster) - Statistieken

Algemene statistieken
  • Deze quiz is 29 keer genomen
  • De gemiddelde score is 60 van 69
Antwoordstatistieken
Antwoord % Correct
de
100%
de
100%
de
100%
de
100%
die
100%
hemel
100%
in
100%
in
100%
in
100%
in
100%
Onze
100%
onze
100%
onze
100%
Vader
100%
en
94%
en
94%
en
94%
geheiligd
94%
geschiede
94%
het
94%
is
94%
kome
94%
naam
94%
ons
94%
ons
94%
ons
94%
ons
94%
ons
94%
U
94%
Uw
94%
Uw
94%
Uw
94%
vergeef
94%
wil
94%
zijt
94%
brood
89%
dagelijks
89%
Geef
89%
Hemelen
89%
ook
89%
van
89%
van
89%
verlos
89%
wij
89%
worde
89%
aarde
83%
heden
83%
Koninkrijk
83%
Koninkrijk
83%
op
83%
gelijk
78%
gelijk
78%
leid
78%
maar
78%
niet
78%
schulden
78%
heerlijkheid
72%
schuldenaren
72%
vergeven
72%
Want
72%
Amen
67%
den
67%
eeuwigheid
67%
kracht
67%
verzoeking
67%
boze
61%
tot
56%
alsook
33%
der
28%
Geen overeenkomende quizzen gevonden
Scoreverdeling
Procent van Mensen met Elke Score
Percentiel versus Aantal Correcte Antwoorden
Uw Scoregeschiedenis
U heeft deze quiz nog niet genomen